| 000 -LEADER |
| fixed length control field |
01181nam a22002417a 4500 |
| 003 - CONTROL NUMBER IDENTIFIER |
| control field |
OSt |
| 005 - DATE AND TIME OF LATEST TRANSACTION |
| control field |
20260128093045.0 |
| 008 - FIXED-LENGTH DATA ELEMENTS--GENERAL INFORMATION |
| fixed length control field |
210910b ||||| |||| 00| 0 eng d |
| 040 ## - CATALOGING SOURCE |
| Transcribing agency |
SSBUL |
| 041 ## - LANGUAGE CODE |
| Language code of text/sound track or separate title |
Shan |
| 082 ## - DEWEY DECIMAL CLASSIFICATION NUMBER |
| Classification number |
294.3 |
| 245 ## - TITLE STATEMENT |
| Title |
သတ်ႉတဝႃႇဢၼ်ဝႃႈၼႆႉပုတ်ႉထၽႃႇသႃႇဢၼ်ဝႃႈၼႆႉဢရိယႃႇဢၼ်ဝႃႈၼႆႉ / |
| Statement of responsibility, etc. |
ပိၼ်ႇတႅမ်ႈ-လုၵ်ႈႁဵၼ်းၶေႃးလိၵ်ႉ |
| 260 ## - PUBLICATION, DISTRIBUTION, ETC. |
| Place of publication, distribution, etc. |
တႃႈၵုင်ႈ |
| Name of publisher, distributor, etc. |
ဢေး |
| Date of publication, distribution, etc. |
2016 |
| 300 ## - PHYSICAL DESCRIPTION |
| Extent |
H၊ 292 ၼႃႈ |
| Other physical details |
ပႃးၶႅပ်းႁၢင်ႈ |
| Dimensions |
21 ၸိၼ်ႇထီႇ |
| 500 ## - GENERAL NOTE |
| General note |
ပႃးပပ်ႉၸဝ်ႈတႃႇၼႁင်းၶေႃတွၵ်ႉတိူဝ်ႇၸၢႆးဢွင်ႇထုၼ်းလူႇတၢၼ်းဝႆႉပပ်ႉၼိုင်ႈ၊ မၢႆ-2474 |
|
| General note |
S-SAT: Dr. Prof Sai Aung Tun |
| 504 ## - BIBLIOGRAPHY, ETC. NOTE |
| Bibliography, etc. note |
ပႃးဝေႃးႁၢရ်လႄႈၶႃႈၸိၼႂ်း |
| 650 ## - SUBJECT ADDED ENTRY--TOPICAL TERM |
| Topical term or geographic name entry element |
ပုတ်ႉထၽႃႇသႃႇ |
| 942 ## - ADDED ENTRY ELEMENTS (KOHA) |
| Koha item type |
Books (Long term) |
| 501 ## - WITH NOTE |
| With note |
ပႃးဝေႃးႁၢရ် |
|
| Source of classification or shelving scheme |
|
|
| Source of classification or shelving scheme |
|